[Event "Rovno"]
[Site "Rovno"]
[Date "2000.??.??"]
[Round "8"]
[White "Rakhmangulov, Andrei"]
[Black "Kasparov, Sergey"]
[Result "1-0"]
[WhiteElo "2435"]
[BlackElo "2465"]
[Annotator "Alterman,B"]
[PlyCount "83"]
[EventDate "2000.01.20"]
[EventType "tourn"]
[EventRounds "15"]
[EventCountry "UKR"]
[EventCategory "8"]
[SourceTitle "CBM 076"]
[Source "ChessBase"]
[SourceDate "2000.05.31"]
[SourceVersion "1"]
[SourceVersionDate "2000.05.31"]
[SourceQuality "1"]

1. d4 Nf6 2. Nf3 d6 3. h3 Nbd7 4. Bf4 g6 5. e3 Bg7 6. Bc4 O-O 7. c3 Qe8 8. O-O
e5 9. Bh2 Qe7 10. a4 h6 $6 $146 (10... e4 $1 11. Nfd2 h5 12. Ba2 Nh7 13. c4
Ndf6 14. Nc3 Bf5 15. b4 h4 16. c5 Ng5 17. Rc1 Qd7 18. cxd6 cxd6 19. Nb5 Ne8 20.
Nc4 Bxh3 21. Ncxd6 Bxg2 22. Kxg2 Qh3+ 23. Kh1 Nf3 24. Qxf3 Qxf3+ 25. Kg1 {
0-1 Fischer,J-Pierecker,M/Austria 1997/CBM 57 ext (25)}) 11. a5 a6 12. Qb3 e4 (
12... c6 13. dxe5 dxe5 14. Qa3 $1 {[%csl Rd6,Ge5][%cal Gf1d1]}) 13. Nfd2 Nh7
14. Be2 Rb8 $2 {[%mdl 16384]} (14... Kh8 {[%cal Gf7f5,Gd7f6]}) 15. Na3 {
[%cal Ga1e1,Gf2f3]} Kh8 16. Rae1 f5 17. f3 $1 exf3 (17... Ndf6 $2 18. Bxa6 $16)
18. Bxf3 Ndf6 19. e4 $1 {[%csl Rh7][%mdl 32]} fxe4 20. Nxe4 Nxe4 21. Rxe4 Qd8
22. Ree1 {[%csl Ge6]} Bf5 23. Qd1 h5 (23... Ng5 24. Bg4 Qd7 25. Bxf5 Rxf5 26.
h4 Nf7 27. Rxf5 Qxf5 28. Re7 $16 {[%cal Ge7c7,Ge7g7]}) 24. Be2 $5 Qd7 25. Bd3
Rbe8 (25... Ng5 26. Nc4 $1 $36) 26. Rxe8 Qxe8 27. Bxf5 Rxf5 28. Re1 Qd7 29. Qb3
c5 $6 {[%mdl 8192] Clear mistake which only created weakness in the queenside.}
(29... c6 30. Nc4 $16) (29... Qc6 $1 $14 {[%cal Gh7f6,Rf5g5]}) 30. dxc5 dxc5
31. Qe6 (31. Qb6 Nf6 32. Nc4 Qd5 33. Ne5 Kh7 (33... Rg5 $2 34. Qd8+ Qxd8 35.
Nf7+ Kh7 36. Nxd8 $16)) 31... Qd2 (31... Qxe6 32. Rxe6 Rd5 33. Nc4 $16 {
[%csl Ra6,Rb7,Rc5][%cal Ge6g6,Ge6e7]}) 32. Qe2 Qd5 33. Nc4 Rf8 34. Bd6 Rd8 35.
Qe6 $1 $18 {[%mdl 4096]} Nf6 36. Be7 Qxe6 37. Rxe6 Rd1+ 38. Kf2 Nd5 39. Bg5 Nc7
40. Rxg6 Rd5 41. h4 Kg8 42. Rb6 1-0

[Event "Cappelle op 32nd"]
[Site "Cappelle la Grande"]
[Date "2016.02.19"]
[Round "8"]
[White "Anurag, Mhamal"]
[Black "Gupta, Abhijeet"]
[Result "1-0"]
[WhiteElo "2383"]
[BlackElo "2613"]
[Annotator "Anurag,M"]
[PlyCount "79"]
[EventDate "2016.02.13"]
[EventType "swiss"]
[EventRounds "9"]
[EventCountry "FRA"]
[SourceTitle "EXT 2017"]
[Source "ChessBase"]
[SourceDate "2016.10.25"]
[SourceVersion "1"]
[SourceVersionDate "2016.10.25"]
[SourceQuality "1"]

1. Nf3 Nf6 2. d4 g6 3. Bf4 Bg7 4. e3 O-O 5. Be2 d6 6. O-O b6 7. h3 Bb7 8. Nbd2
c5 9. c3 Nbd7 10. a4 a6 11. Bh2 Ra7 $5 {[%cal Gd8a8] an interesting yet subtle
move vacating the a8 square for the queen so as to put more pressure on the
a8-h1 diagonal.} (11... Qc7 {is played more often.}) 12. Bd3 cxd4 (12... Qa8
13. e4 $5 cxd4 (13... Nxe4 $6 14. Bxe4 Bxe4 15. Nxe4 Qxe4 16. Re1 Qa8 17. Rxe7
$14) 14. cxd4 Nxe4 15. Nxe4 Bxe4 16. Bxe4 Qxe4 17. Re1 Qd5 18. Rxe7 Bf6 19. Re3
Rc8 20. Rc1 {would have been more or less equal.}) 13. exd4 e5 14. Re1 (14.
dxe5 Nxe5 15. Bc2 Qa8) 14... Qa8 {for a moment it seems as though black loses
a pawn for nothing but after a couple of moves, the compensation is quite
evident.} 15. dxe5 dxe5 16. Bxe5 Nxe5 17. Rxe5 Rd8 18. Qc2 Bc6 (18... Nh5 19.
Ree1 Nf4 20. Be4 $14) 19. Bf1 $6 (19. Ree1 $1 {was a precise move retaining a
slight advantage.}) 19... Rad7 $6 (19... Nh5 20. Ree1 Nf4 21. Ne4 ({the
computer suggests} 21. g3 Bxf3 22. Nxf3 Qxf3 23. Re3 Qh5 24. gxf4 {and white
should be able to hold this.}) 21... Re7 {but white is already facing a lot of
issues and black on the other hand has a very comfortable position.}) 20. Ree1
Nh5 $2 (20... Qb7 $5 21. Nd4 Bd5 22. Nc4 $14) 21. Nc4 $16 Qb7 22. Nfe5 Bxe5 23.
Nxe5 Rd2 24. Qb3 b5 {a desperate attempt trying to open up lines.} (24... Bd5
25. c4 Be4 26. Qc3) 25. axb5 axb5 26. c4 Nf4 (26... bxc4 27. Qe3 Rxb2 (27...
Be8 28. Bxc4 R2d4 29. b3) 28. Bxc4 Bd5 29. Ra7 Qb6 30. Nxf7 $18) 27. Qe3 R8d4 {
both players were under severe time trouble from this moment on.} 28. Nd3 (28.
Nf3 $1 Bxf3 29. Qe8+ Kg7 30. Re7 {was rather simple but completely overlooked.}
) 28... R2xd3 (28... Nxd3 29. Qxd4 bxc4 30. b3 $1) 29. Bxd3 Ne6 30. Bf1 bxc4
31. Qc3 Qd7 32. Bxc4 Nf4 33. Bf1 h5 34. b4 h4 35. b5 Be4 36. b6 Bb7 37. Ra7 Rd1
38. Rxb7 Rxe1 39. Rb8+ Re8 40. Qc7 1-0

[Event "Alushta"]
[Site "Alushta"]
[Date "1999.03.05"]
[Round "3"]
[White "Rakhmangulov, Andrei"]
[Black "Atalik, Suat"]
[Result "0-1"]
[WhiteElo "2417"]
[BlackElo "2593"]
[Annotator "Atalik,S"]
[PlyCount "78"]
[EventDate "1999.03.03"]
[EventType "tourn"]
[EventRounds "11"]
[EventCountry "UKR"]
[EventCategory "10"]
[SourceTitle "CBM 070"]
[Source "ChessBase"]
[SourceDate "1999.06.08"]
[SourceVersion "1"]
[SourceVersionDate "1999.06.08"]
[SourceQuality "1"]

1. d4 Nf6 2. Nf3 g6 3. c3 Bg7 4. h3 O-O 5. Bf4 d6 6. e3 c5 7. Bc4 Nc6 8. O-O
Qb6 9. Qc1 (9. Qb3 $6 Na5 10. Qxb6 axb6 11. Nbd2 Nxc4 12. Nxc4 Nd5 $17) 9...
Bf5 10. Nbd2 Rac8 11. dxc5 (11. Re1 $142 cxd4 12. Nxd4 (12. exd4 $6 Nb4 $1)
12... Bd7 $15) 11... Qxc5 12. Re1 b5 $36 13. Bf1 b4 14. c4 (14. e4 $2 bxc3 15.
Nb3 cxb2 $19) (14. Ba6 $2 bxc3 15. Bxc8 cxd2 $19) 14... Ne4 15. g4 $2 (15. Nxe4
Bxe4 16. Nd2 Bf5 17. Nb3 Qb6 18. e4 Be6 19. Be3 Qb8 $17) 15... Nxd2 16. Nxd2
Be6 17. a3 Na5 (17... b3 $5 18. Qd1 Na5 {would transpose to the game
continuation.}) 18. Qc2 b3 (18... Nxc4 $2 19. Bxc4 Bxc4 20. Qxc4 (20. axb4 $2
Qxb4 21. Ra4 Be6 $19) 20... Qxc4 21. Nxc4 Rxc4 22. axb4 $15) 19. Nxb3 Nxb3 20.
Qxb3 Rb8 $1 $19 (20... Bxc4 21. Qxc4 Qxc4 22. Bxc4 Rxc4 23. Rab1 $17 (23. Re2
$2 Rb8 24. Rb1 Rb3 $19)) 21. Qa4 Bxb2 22. Ra2 Bg7 (22... g5 $5 23. Bg3 Bf6) (
22... Bf6 $5) 23. e4 Rfc8 24. Be3 (24. Rd1 Bxc4 25. Rc2 Bb3 $19) 24... Bd4 25.
Rd2 Bxe3 26. Rxe3 Rb1 27. Qc2 Rcb8 28. Rd1 R1b2 29. Qc3 f6 30. Rc1 a5 $1 {
The most accurate continuation.} (30... h5 $5 31. e5 dxe5 (31... fxe5 $2 32.
gxh5 gxh5 33. Rg3+ Kh8 34. Qf3 $40) 32. gxh5 g5 $17) 31. Rc2 R2b6 32. Qd2 a4
33. Rec3 Rb3 34. Be2 $2 {Blunder.} (34. Qc1 Rxc3 (34... Rb1 35. Qe3) 35. Rxc3
Rb3 36. Re3 g5 $19 {White is in ropes.}) 34... Rxa3 35. Ra2 Rxc3 36. Qxc3 Rb3
37. Qc2 Rxh3 $5 (37... Qb4 $19) 38. Qxa4 Qe5 39. Qe8+ Kg7 (39... Kg7 40. Qxe7+
Kh6 41. f4 (41. Qf8+ Kg5 42. f4+ Qxf4 43. Bf1 Qe3+ 44. Rf2 Rf3 $19) 41... Qxf4
42. Bf1 Qe3+ 43. Rf2 Rf3 44. Qf8+ Kg5 $19) 0-1

[Event "Veliko Gradiste Silver Lake op"]
[Site "Veliko Gradiste"]
[Date "2018.06.21"]
[Round "6"]
[White "Kanakaris, Georgios"]
[Black "Atalik, Suat"]
[Result "1/2-1/2"]
[WhiteElo "2399"]
[BlackElo "2512"]
[Annotator "Atalik,S"]
[PlyCount "28"]
[EventDate "2018.06.17"]
[EventType "swiss"]
[EventRounds "9"]
[EventCountry "SRB"]
[SourceTitle "CBM 186"]
[Source "ChessBase"]
[SourceDate "2018.09.14"]
[SourceVersion "1"]
[SourceVersionDate "2018.09.14"]
[SourceQuality "1"]

1. d4 Nf6 2. Bf4 g6 $5 3. Nd2 Bg7 4. c3 d6 5. e4 $5 {This does not necessarily
go well with the London System.} O-O 6. Ngf3 Nc6 7. Qc2 Qe8 8. h3 e5 9. dxe5
Nh5 10. Be3 Nxe5 11. Nxe5 Qxe5 (11... Bxe5 12. g4 Nf4 13. Nc4) 12. g4 Nf6 13.
Bg2 Qe7 $146 (13... d5 $6 14. f4 Qe7 15. e5 c6 16. O-O-O $36) (13... Qe6 14.
O-O Bd7) (13... Qb5 14. a4 Qe8 15. O-O Bd7 16. b4 $1 $13) (13... Bd7 {Hort-Lau,
1989. where Ralf played a similar plan to mine.}) 14. O-O-O Bd7 (14... Bd7 15.
Rde1 Bc6 (15... c5 16. f4 Bc6) 16. f4 Rae8 17. Bf2 Nd7 18. Kb1 $14) 1/2-1/2

[Event "Asia-ch"]
[Site "Kolkata"]
[Date "2001.08.16"]
[Round "10"]
[White "Moradiabadi, Elshan"]
[Black "Adianto, Utut"]
[Result "0-1"]
[WhiteElo "2404"]
[BlackElo "2598"]
[Annotator "Atlas,V"]
[PlyCount "120"]
[EventDate "2001.08.09"]
[EventType "swiss"]
[EventRounds "11"]
[EventCountry "IND"]
[SourceTitle "CBM 085"]
[Source "ChessBase"]
[SourceDate "2001.11.13"]
[SourceVersion "1"]
[SourceVersionDate "2001.11.13"]
[SourceQuality "1"]

1. e4 g6 2. d4 Bg7 3. Nf3 d6 4. Bd3 Nf6 5. Bg5 O-O 6. Nbd2 c5 7. dxc5 dxc5 8.
Qe2 Nc6 9. c3 Qc7 10. O-O Rd8 11. Rad1 Nh5 12. Nc4 Be6 13. a4 h6 14. Be3 Nf4
15. Bxf4 Qxf4 16. Ne3 Bb3 17. Bc2 Bxc2 18. Nxc2 e6 19. g3 Qc7 20. Ne3 a6 21. h4
Qa5 22. Nc4 Qc7 23. Ne3 Rxd1 24. Rxd1 Rd8 25. Rxd8+ Qxd8 26. Kg2 Qa5 27. Qd1
Qc7 28. Qd3 Na5 29. b4 cxb4 30. cxb4 Nc6 31. b5 axb5 32. Qxb5 Nd4 33. Qb4 Qc6
34. Nd2 Nc2 35. Nxc2 Qxc2 36. Nb3 b6 37. a5 bxa5 38. Nxa5 Bc3 39. Qc4 Qb2 40.
Nc6 Kg7 {It is difficult to imagine that White can lose this symmetrical
position, but let's see...} 41. Qc5 Qd2 42. h5 $2 {Not the best choice. After
42...g5 the h5-pawn will get weak and cause White additional problems.} (42.
Qc4 {or 43.Qe3 was sufficient for a draw.}) 42... g5 {[%csl Rh5][%cal Gd2d1,
Gd1h5]} 43. Qc4 ({After} 43. Qe3 {Black might already consider exchanging
queens:} Qxe3 44. fxe3 g4 45. e5 f6 {קh5}) 43... Bb2 $1 44. Nb4 $6 Bd4 $1 45.
Nd3 e5 $1 {[%csl Re4,Rf2,Rh5][%cal Gd2e2,Ge2e4,Ge2h5,Gd4f2] Perfect domination
of the black pieces!} 46. Kf1 {This move is forced in view of the deadly
threat 46...Qe2-+.} Qd1+ 47. Ne1 Qxh5 48. Kg2 g4 49. Qd3 Qg6 50. Nc2 Qb6 51.
Qd2 Qc6 52. Qe2 h5 53. Nb4 Qb7 54. Nd5 Qb3 (54... f5 {is met by} 55. Qd2 Kg6
56. Qc2 $132) 55. Ne7 Qb2 56. Nf5+ Kf6 57. Qf1 Bb6 58. Qe1 Qc2 59. Nh4 Bd4 60.
Nf5 $4 ({A decisive mistake. Much more stubborn was} 60. Kf1) {[%tqu "En",
"White's last move was a decisive mistake. How would you prove it?","Try to
deflect the while queen.","Keep in mind the white knight!","d4f2","Very neat!",
4]} 60... Bxf2 $1 {[%csl Re4,Rf5][%cal Ge4g2,Gc2e4,Ge4f5] An elegant strike
winning on the spot.} (60... Bxf2 61. Qxf2 Qxe4+ 62. Kh2 Qxf5 {, and White is
3 pawns down.}) 0-1

[Event "Tel Aviv super 1st"]
[Site "Tel Aviv"]
[Date "1999.05.18"]
[Round "8"]
[White "Alterman, Boris"]
[Black "Avrukh, Boris"]
[Result "0-1"]
[WhiteElo "2616"]
[BlackElo "2609"]
[Annotator "Avrukh,B"]
[PlyCount "68"]
[EventDate "1999.05.11"]
[EventType "tourn"]
[EventRounds "9"]
[EventCountry "ISR"]
[EventCategory "14"]
[SourceTitle "CBM 071"]
[Source "ChessBase"]
[SourceDate "1999.08.01"]
[SourceVersion "1"]
[SourceVersionDate "1999.08.01"]
[SourceQuality "1"]

1. d4 {Hazai} Nf6 2. Nf3 g6 3. Bf4 Bg7 4. e3 d6 5. h3 O-O 6. Be2 Nfd7 $5 {
[%cal Ge7e5] Hazai: 'Black wants to play e7-e5 without any further preparation.
The f7-f5 push can also be a threat. On the other hand the development of his
pieces is not so easy.'} (6... Nbd7 {Hazai is the most common continuation
here preparing for e7-e5.}) 7. O-O (7. Nbd2 {Hazai: decides too early the
position of the N. In many positions the plan c2-c4 and Nc3 seems to be more
appropriate.} e5 8. Bh2 Nc6 9. c3 {The d4 square is very important to hold in
order to restrict the sphere of the B g7.} Qe7 10. O-O a5 11. a4 h5 12. Ne1 f5
13. Kh1 Nf6 14. Nd3 Kh7 15. Nc4 Ne4 $13 {Bellon-Haik, Thessaloniki olm 1984}) (
7. Nc3 {Hazai: is against the well-known Philidor rule, because White needs
the help of his c P.} e5 8. dxe5 {to give up the [+] helps only for Black.}
dxe5 9. Bg5 f6 10. Bc4+ Kh8 11. Bh4 {The B is rather passive here.} Qe7 12. O-O
Nb6 13. Bb3 Nc6 14. Qe2 g5 15. Bg3 f5 16. Bh2 Na5 17. Rfd1 Nxb3 18. axb3 Bd7
$13 {L.Portisch-Donner, Madrid zt 1960}) (7. c4 {Hazai:} e5 8. Bh2 Nc6 9. Nc3
Re8 10. O-O exd4 11. exd4 Nf6 {/\ d5} 12. d5 Nb4 {The B on h2 is again out of
play, meanwhile the long /^ is opened for the g7B.} 13. a3 Na6 {/\ Nc5} 14. Rc1
(14. b4 Ne4 $1) 14... Bh6 15. Rb1 Bf5 16. Bd3 Bxd3 17. Qxd3 Nc5 18. Qc2 a5 19.
Rfd1 $11 {Ribli-Hug, Thessaloniki, olm 1984}) 7... e5 8. Bh2 Nc6 (8... f5 {
Hazai: This agressive move seems to be a bit risky, but it is not easy for
White to exploit the lack of development in Black's camp.} 9. c4 (9. dxe5 Nxe5)
9... Nc6 10. Nc3 g5 11. dxe5 Ndxe5 $1 {For the sake of development it is
important to exchange the N first. Hazai: '- 8...f5'} (11... dxe5 {- 8...Nc6})
(11... dxe5 $2 12. Nd5 Nc5 13. b4 Ne6 14. b5 e4 15. bxc6 exf3 16. Bxf3 Bxa1 17.
Nxc7 $1 Qxd1 18. Rxd1 Nxc7 19. Bxc7 $16 {Bosgue Ortega-Gonzalez Valez,
Barbera-A 1997}) 12. Nxe5 dxe5 13. Qxd8 Nxd8 14. e4 f4 {The h2 B causes again
some headache for White.} 15. Bg4 Bxg4 16. hxg4 Ne6 $11 {Payen-Nijboer, Cafe
op Koszalin 1998}) 9. c3 {'?!' Hazai. Hazai: 'This is again rather passive and
overcautious.'} (9. Na3 e4 (9... f5 $5) 10. Nd2 f5 11. c4 g5 12. Rb1 {[%cal
Gb2b4]} Nf6 13. b4 Ne7 {[%cal Ge7g6,Gf5f4]} 14. Nb5 {[%cal Gc4c5]} Bd7 15. c5
Ned5 $6 (15... Bxb5 $1 16. Bxb5 d5 $132 {[%cal Ge7g6,Gf5f4]}) 16. Qb3 Kh8 17.
cxd6 Bxb5 18. Bxb5 cxd6 19. Bc4 $14 {1-0 Rodgaard,J-Gruenberg,R/Hamburg 1980/
MCL 04 (41)}) (9. c4 {Hazai:} exd4 $1 10. exd4 Qf6 {and Black has a real
pressure on >< d4.} 11. Nc3 $5 (11. d5 Nd4 $11) 11... Nxd4 12. Nxd4 Qxd4 13.
Nb5 Qxd1 14. Raxd1 c6 15. Nc7 Rb8 16. Bxd6 Be5 $11 {Lopushnoy-Kopylov, RUS-ch
Novosibirsk 1996}) (9. dxe5 $1 {Hazai:} Ndxe5 $11 (9... dxe5 10. Nc3 f5 11. Bb5
Kh8 12. Qd5 Qf6 (12... Ne7) 13. Bxc6 bxc6 14. Qa5 Rb8 15. Na4 Rb7 16. Rad1 f4
17. exf4 exf4 18. b3 $14 {Arebcibia-Paneque, Cuba 1989})) 9... f5 (9... b6 $5
10. Nbd2 Bb7 11. Rc1 h6 12. Re1 f5 13. Bc4+ Kh8 14. Nb3 Qf6 15. Qc2 g5 $17 {
0-1 Eriksson,A-Bracjunova,V/Herculane 1994/TD 94\01 (27)}) 10. Na3 (10. dxe5
Ndxe5 ({Here} 10... dxe5 {looks also satisfactory:} 11. Bb5 Qf6 12. Na3 Kh8 13.
e4 (13. Nc4 e4 $13) 13... f4 (13... Nc5 14. exf5)) 11. Nbd2 Be6 12. Nd4 Bd5 $2
(12... Bf7 $142) 13. N2f3 Bf7 14. Bf4 h6 {[%cal Gg6g5] with comfortable play
for black 1-0 Vanheste,J-De Kok,W/Amsterdam 1985/MCD-op (45)} (14... h6 {Hazai}
15. Bg3 a6 16. Qc2 Qf6 17. h4 Ne7 18. Rad1 Rab8 19. c4 c5 $13 {Van Heste-De
Kok OHRA-B Amsterdam 1985})) 10... e4 11. Nd2 Nf6 12. f3 (12. b4 $5 {Hazai})
12... Ne7 {'!?' Hazai.} (12... exf3 $5 13. Bxf3 g5 {'=' Hazai. Hazai: 'is the
simple solution.'} (13... Re8 $6 14. Qb3+ Kh8 15. Rae1 $16 {[%cal Ge3e4]}) (
13... Be6 $11 {Hazai is the simple solution.}) 14. e4 $140 f4 {[%csl Rh2]}) (
12... d5 $6 13. c4) 13. fxe4 fxe4 {[%csl Ge3,Ge4]} 14. Qb3+ Kh8 15. c4 Be6 $6 {
Unaccurare move, not clear where the best place for my bishop and it's better
was to get nice field for my knight on f5. Hazai: '!' 'Development first!'} (
15... h5 $1 16. Rf2 Nf5 17. g4 (17. Raf1 h4) 17... hxg4 18. hxg4 Nh4 $36) 16.
Nc2 {'?!' Hazai.} (16. Qxb7 {Hazai: was the lesser evil:} Rb8 17. Qxa7 Rxb2 18.
Qa5 Qa8 19. Qxa8 (19. Qc3 $2 Rxd2 $19) 19... Rxa8 20. Nab1 Raxa2 $11) 16... b5
$1 {Looks like a very strange idea - white loses two tempes, but the open
b-file will be a very important fact in black's strategy. Hazai: 'So White has
to take the P anyway, but in a better redaction for Black.'} (16... h5 {
[%cal Ge7f5]} 17. d5 Bd7 (17... Bg8 18. Nd4 c6 19. Qa3 cxd5 20. Bxd6 Re8 21.
Rad1 $16) 18. Nd4 $14) (16... Qd7 17. Rf2 h5 18. Raf1 Nf5 19. d5 Bg8 20. g4 $1
$16) 17. Qxb5 Rb8 18. Qa5 $1 (18. Qa4 $140 $6 Rxb2 19. Rab1 $2 Bd7 $1 $19 {
[%csl Gc2]}) 18... Rxb2 19. Qc3 Rb6 (19... Rb8 {Hazai} 20. Rab1) 20. Rf2 h5 {
[%cal Ge7f5]} (20... c5 $5 {Hazai}) 21. Raf1 (21. Bf4 $5 {[%cal Gf4g5]} Nf5 22.
Bg5 Qa8 $1 {and black is o.k} (22... Ng3 23. Bh4 (23. Bd1 $5) 23... Nxe2+ 24.
Rxe2 $14)) 21... Nf5 (21... h4 {[%cal Ge7f5]} 22. d5 $1 {[%cal Gc2d4]} Bd7 $140
$2 23. Nxe4 $1 $16) 22. Qa3 $6 {This logical move is too slow, now black
secures the position of his knight on f5 and gets minimum equal chances.} (22.
Bf4 h4 23. Bg5 {[%csl Ge4]} Qa8 (23... c5 $5 24. Bxf6 Qxf6 25. Nxe4 Qe7 $44)
24. Bxf6 (24. Bg4 $2 Nxg4 25. hxg4 Ng3 $17) (24. Rf4 $140 {[%csl Ge4,Gh4]} Ng3
25. Rxh4+ Kg8 26. Rf2 Nh7 $17) 24... Rxf6 25. Nxe4 Qxe4 26. Bf3 Ng3 27. Bxe4
Rxf2 28. Bd3 Rxf1+ 29. Bxf1 Rb1 30. Ne1 c5 $40) (22. g4 hxg4 23. hxg4 Nh4 24.
Bg3 $1 (24. g5 Nh7 25. Rxf8+ Bxf8 (25... Nxf8 $2 26. Nxe4 Bf5 27. Rf4 $18) 26.
Nxe4 (26. Rxf8+ Qxf8 27. d5+ Kg8 28. dxe6 Nxg5 {[%cal Gg5h3]} 29. Bg3 $13)
26... Bf5 27. Bg3 (27. Rf4 Bxe4 28. Rxe4 (28. Rxh4 $2 Bxc2 29. Qxc2 Qxg5+ 30.
Rg4 Qxe3+ $17) 28... Rb1+ 29. Ne1 Nf5 $36 {[%csl Gg1,Rg5]}) (27. Bd3 {Hazai}
Nxg5 $17) 27... Bxe4 28. Bxh4 Bg7 29. Rf4 Bb7 $44) (24. d5 $2 {[%cal Gg7c3]}
Nf3+ 25. Bxf3 (25. Nxf3 exf3 26. Rxf3 Bxg4 27. R3f2 Bxe2 28. Rxe2 Nxd5 $17)
25... Nxg4 26. Qa5 (26. Nd4 Nxf2 27. Rxf2 exf3 28. dxe6 c5 $19) 26... Nxf2 27.
Rxf2 (27. dxe6 $2 Nh3+ 28. Kg2 exf3+ 29. Kxh3 Rf5 $19) 27... c6 $1 {[%csl Ra5]
[%cal Gb6b1]} (27... exf3 28. dxe6 Qe7 29. Qd5 $13) 28. Bxe4 (28. Qxa7 cxd5 29.
cxd5 Bxd5 $17 {[%csl Gg1]}) 28... Rb1+ 29. Nxb1 Qxa5 30. Rxf8+ Bxf8 31. dxe6
Qxa2 $17) 24... Nf3+ 25. Nxf3 exf3 26. Bxf3 Nxg4 27. Rg2 $14) 22... h4 23. d5 (
23. Qxa7 $2 Rb2 24. Bd1 Qa8 $1 (24... Rxc2 25. Bxc2 Nxe3 26. d5 $1 {[%cal
Ga7e3]} Nxf1 27. Rxf1 Bf5 28. Qe3 $14 Qe7 29. Bf4 $14 {[%cal Gf4g5]}) 25. Qxa8
Rxa8 26. a3 Bd7 $1 $17 {[%cal Gd7a4]}) 23... Bd7 24. Nd4 (24. Qxa7 $2 Rb2 25.
Bd1 Qa8 $1 26. Qxa8 Rxa8 $17) (24. c5 $6 dxc5 25. Qxc5 Ng3 $17) 24... Ng3 {
'-/+' Hazai.} (24... Nxd4 $2 25. exd4 Bh6 (25... Re8 {Hazai} 26. Bf4 $1 (26.
Qe3 $6 Rb2)) 26. Bf4 $16) 25. Re1 (25. Bxg3 hxg3 26. Rf4 Qe7 $1 {[%cal Gg7h6]}
(26... g5 $140 27. Rf5 Bxf5 28. Rxf5 $44 {[%csl Rc6,Ge4,Re6,Gg3,Gg5]}) 27. Qxa7
Rb2 28. Qa5 Bh6 29. Qc3 Bxf4 (29... Rxa2 30. Ne6 $1) 30. Rxf4 Rxa2 $17) 25...
Qe7 (25... Re8 {Hazai} 26. Nf1 (26. Qxa7 $4 {founders on} Nxd5 $1 27. cxd5 Bxd4
28. exd4 e3 $19)) 26. Nf1 (26. Qxa7 Rb2 ({and not} 26... Nxd5 $2 {Hazai} 27.
Rxf8+ (27. cxd5 $2 {loses instantly after} Rxf2 28. Kxf2 Bxd4 $19) 27... Qxf8
28. cxd5 Bxd4 29. exd4 e3 30. Bxg3 (30. Nf3 $2 {is inferior because of} Nxe2+
31. Rxe2 Rb1+ 32. Ne1 Rxe1+ $19) 30... exd2 31. Rf1 Qe8 32. Be5+ $1 (32. Bxh4
Qxe2 33. Qa8+ Be8) 32... dxe5 33. Qxc7) 27. Nf1) 26... Nfh5 27. Rxf8+ Qxf8 28.
Bxh5 (28. Qxa7 $2 Bxd4 29. exd4 Rb2 {'-+' Hazai.} (29... Qf6 $19 {Hazai}) 30.
Bxg3 hxg3 $19) 28... Nxh5 29. Qc1 (29. Qxa7 $2 Bxd4 30. exd4 Rb2 $19) (29. Nd2
Qe7 (29... Bf5 $143 30. Qxa7 Rb2 31. Rd1 $16) 30. Qxa7 Rb2 31. Re2 Ng3 32. Bxg3
hxg3 33. Qa3 (33. Nf1 Rb1 $17) 33... Rb8 $44 {[%cal Gg6g5,Gg5g4]}) 29... Qe7 {
[%cal Ge7g5]} 30. Qc2 {[%csl Ge4]} Rb8 {[%cal Gb8e8,Ge7g5]} 31. Nd2 Re8 32. Ne2
(32. Nf1 {Hazai} Qg5) 32... Qg5 (32... Bxh3 33. gxh3 Qg5+ 34. Kf2 (34. Kh1 $2
Qxe3 $40) 34... Qf5+ 35. Kg2 Qg5+ $11) 33. Nf4 Ng3 {'!' Hazai.} 34. c5 $4 {
[%mdl 8192] Hazai: '[#]'} (34. Bxg3 Qxg3 35. Qd1 Kh7 $17 {[%csl Gd7,Gg7] ^^}) (
34. Nf1 $1 Nf5 (34... Bf5 35. Bxg3 hxg3 36. Rb1 $14 Be5 $140 37. Rb7 Bxf4 38.
exf4 Qxf4 39. Qc3+ $16) (34... Be5 35. Rb1 $1 Qxf4 $140 (35... Bxf4 36. exf4
Qxf4 37. Qc3+) 36. Bxg3) 35. Rb1 Kh7 $13 (35... Be5 $143 36. Qxe4 $1 Bd4 37.
Ne6 Bxe6 38. exd4 $16)) (34. Nb3 {Hazai: was the only defence, but Black's ->
is almost unstoppable.} Be5 35. Qd2 Rf8 36. Bxg3 Qxg3 37. Rf1 Bxh3 $1 38. Nxg6+
Kg7 39. Nxf8 ({or} 39. Rxf8 Qh2+ 40. Kf2 Bg3+ 41. Ke2 Bg4+ $19) 39... Qh2+ 40.
Kf2 Bg3+ 41. Ke2 Qxg2+ $19) 34... Qxf4 $3 {[%cal Gg7d4]} 0-1

[Event "Schwarzach op-A"]
[Site "Schwarzach"]
[Date "1998.08.27"]
[Round "6"]
[White "Burmakin, Vladimir"]
[Black "Jelen, Igor"]
[Result "1-0"]
[WhiteElo "2560"]
[BlackElo "2345"]
[Annotator "Balinov,I"]
[PlyCount "49"]
[EventDate "1998.08.30"]
[EventType "swiss"]
[EventRounds "9"]
[EventCountry "AUT"]
[SourceTitle "EXT 2000"]
[Source "ChessBase"]
[SourceDate "1999.11.16"]
[SourceVersion "1"]
[SourceVersionDate "1999.11.16"]
[SourceQuality "1"]

1. d4 Nf6 2. Nf3 g6 3. Bf4 Bg7 4. e3 O-O 5. Be2 d6 6. O-O Nc6 7. h3 Nd7 8. Nc3
e5 9. Bg5 f6 (9... Qe8 10. Nd5 $18) 10. Bh4 g5 11. Bg3 f5 12. dxe5 Ndxe5 (12...
dxe5 13. Qd5+ Kh8 14. Rad1 Qe7 $14) 13. Bxe5 Nxe5 14. Nxe5 Bxe5 15. f4 gxf4 (
15... Bg7 $5) 16. exf4 Bg7 17. Qd5+ Kh8 18. Rad1 c6 19. Qxd6 Qb6+ 20. Kh2 Qxb2
21. Rf3 Re8 (21... Qxc2 22. Bc4 $44) 22. Rb1 Qxc2 23. Bd1 Qxc3 24. Rxc3 Bxc3
25. Bh5 1-0